000 00455nam a2200169Ia 4500
008 090711s9999 xx 000 0 und d
082 _b55599
100 _aहसमनीस द. का.
245 _aिंSाागळी
260 _c1987
300 _a192
600 _aहसमनीस द. का.
630 _aिंSाागळी
700 _aहसमनीस द. का.
730 _aिंSाागळी
942 _cBOOK
999 _c303048
_d303048